Tutoría en la Universidad : (Record no. 197079)
[ view plain ]
| 000 -CABECERA | |
|---|---|
| campo de control de longitud fija | 02781nab a2200325 a 4500 |
| 005 - FECHA Y HORA DE LA ÚLTIMA TRANSACCIÓN | |
| campo de control | 20210219163551.0 |
| 008 - ELEMENTOS DE LONGITUD FIJA--INFORMACIÓN GENERAL | |
| campo de control de longitud fija | 991125s1985 mx 000 0 spa u |
| 035 ## - NÚMERO DE CONTROL DEL SISTEMA | |
| Número de control de sistema | UPN01000224983 |
| 049 ## - COLECCIÓN | |
| Colección | ART |
| 100 1# - ASIENTO PRINCIPAL--NOMBRE PERSONAL | |
| Nombre de persona | Pérez Cusó, Francisco Javier |
| 100 1# - ASIENTO PRINCIPAL--NOMBRE PERSONAL | |
| Nombre de persona | González Lorente, Cristina |
| 100 1# - ASIENTO PRINCIPAL--NOMBRE PERSONAL | |
| Nombre de persona | González Morga, Natalia |
| 100 1# - ASIENTO PRINCIPAL--NOMBRE PERSONAL | |
| Nombre de persona | Martínez Juárez, Mirian |
| 222 #0 - TÍTULO CLAVE | |
| Título clave | EDUCATIO SIGLO XXI : REVISTA DE LA FACULTAD DE EDUCACION |
| 245 00 - MENCIÓN DE TÍTULO | |
| Título | Tutoría en la Universidad : |
| Resto del título | un estudio de caso en la Facultad de Educación de la Universidad de Murcia |
| 260 ## - PUBLICACIÓN, DISTRIBUCIÓN, ETC. | |
| Lugar de publicación, distribución, etc. | Murcia, España |
| 300 ## - DESCRIPCIÓN FÍSICA | |
| Extensión | 91-110 |
| 362 0# - FECHAS DE PUBLICACIÓN Y/O DESIGNACIÓN SECUENCIAL | |
| Fecha de publicación y/o designación secuencial | 2017 Volumen 35, número 2, julio |
| 520 3# - NOTA DE RESUMEN, ETC. | |
| Sumario, etc. | La tutoría está institucionalizada en todas las etapas educativas, desde Educación Infantil a la Educación Superior, siendo en el ámbito universitario donde tiene una normativa mucho más corta y reciente. A partir de la implantación del EEES, la tutoría resurge como factor de calidad del proceso educativo. A día de hoy ya no debería considerarse un aspecto novedoso hacia el que hay que tender, sino como un proceso orientador regulado y restablecido por las múltiples ventajas y beneficios que reporta a la comunidad universitaria. Este trabajo profundiza en el desarrollo de los contenidos de la tutoría y en la adecuación de su implementación desde la mirada del alumnado. La investigación parte de un enfoque metodológico cuantitativo con un diseño de investigación de corte descriptivo y transversal. Los participantes son una muestra representativa de 572 estudiantes de la Facultad de Educación de la Universidad de Murcia, pertenecientes a los Grados en Educación Infantil, Educación Primaria, Educación Social y Pedagogía, los cuales aportan su percepción a partir de un cuestionario diseñado ad hoc, basado en un estudio anterior. El análisis de datos se realiza a través del programa estadístico SPSS v.21, recurriendo tanto a la estadística descriptiva como inferencial. Los resultados señalan distintas líneas de actuación para ofrecer una mayor calidad al proceso educativo desde la tutoría, especialmente la necesidad de prestar una mayor atención a los procesos de diseño de los planes de acción tutorial en consonancia con otras investigaciones como las realizadas por González y León (2014) o Cano y Paula (2008) |
| 653 0# - TERMINO DE INDIZACION - NO CONTROLADO | |
| Término no controlado | EDUCACION SUPERIOR |
| 653 0# - TERMINO DE INDIZACION - NO CONTROLADO | |
| Término no controlado | PERCEPCION DEL ALUMNO |
| 653 0# - TERMINO DE INDIZACION - NO CONTROLADO | |
| Término no controlado | TUTORIA ACADEMICA |
| 653 0# - TERMINO DE INDIZACION - NO CONTROLADO | |
| Término no controlado | TUTORIA PERSONAL |
| 653 0# - TERMINO DE INDIZACION - NO CONTROLADO | |
| Término no controlado | TUTORIA PROFESIONAL |
| 856 4# - LOCALIZACIÓN Y ACCESO ELECTRÓNICOS | |
| Nombre del host | dx.doi.org/10.6018/j/298531 |
| 856 4# - LOCALIZACIÓN Y ACCESO ELECTRÓNICOS | |
| Identificador Uniforme del Recurso | <a href="http://revistas.um.es/educatio/article/view/298531/214191">http://revistas.um.es/educatio/article/view/298531/214191</a> |
| 856 4# - LOCALIZACIÓN Y ACCESO ELECTRÓNICOS | |
| Identificador Uniforme del Recurso | <a href="http://dx.doi.org/10.6018/j/298531">http://dx.doi.org/10.6018/j/298531</a> |
| 856 4# - LOCALIZACIÓN Y ACCESO ELECTRÓNICOS | |
| Identificador Uniforme del Recurso | <a href="https://dialnet.unirioja.es/ejemplar/467784">https://dialnet.unirioja.es/ejemplar/467784</a> |
| 905 ## - TIPO DE MATERIAL | |
| Tipo de material | Articulo |
No items available.
